| 000 | 01361nam a2200385 c 4500 | ||
|---|---|---|---|
| 001 | 20155 | ||
| 003 | ES-MaCES | ||
| 005 | 20141221122639.0 | ||
| 008 | 070531s2006 sp t o000 | spa d | ||
| 017 |
_aM 23772-2001 _bDL |
||
| 024 | 7 |
_a602-06-006-5 _2nipo |
|
| 035 | _aCES20070006736m | ||
| 040 |
_aES-MaCES _bspa _cES-MaCES |
||
| 245 | 0 | 3 |
_aLa reforma del IRPF de 2007 _b: una evaluación de sus efectos _cautores, Santiago Díaz de Sarralde Míguez |
| 260 |
_a[Madrid] _bInstituto de Estudios Fiscales _c[2006] |
||
| 300 |
_a38 p. _c21 cm |
||
| 490 | 1 |
_aPapeles de trabajo. Serie Economía _v26-06 |
|
| 500 | _aResumen | ||
| 504 | _aBibliografía: p. 35-36 | ||
| 541 | _cGratuito | ||
| 650 | 4 |
_aimpuesto sobre la renta de personas físicas _928084 |
|
| 650 | 4 |
_areforma tributaria _928091 |
|
| 650 | 4 |
_aevaluación del impacto _930732 |
|
| 650 | 4 |
_aconsecuencias económicas _927082 |
|
| 650 | 4 |
_aEspaña _926964 |
|
| 650 | 4 |
_a2007 _931880 |
|
| 653 | 1 | 0 | _aFiscalidad |
| 700 | 1 |
_aJaén García, Manuel _915313 |
|
| 700 | 1 |
_aAmate Fortes, Ignacio _96202 |
|
| 710 | 2 |
_aInstituto de Estudios Fiscales (Madrid) _eed. _94158 |
|
| 830 | 0 |
_aPapeles de trabajo (Instituto de Estudios Fiscales (Madrid)) _pSerie Economía _v26-06 _933525 |
|
| 902 | _aDOC Literatura gris | ||
| 942 |
_2CES _cBK _h0.1. |
||
| 999 |
_c20155 _d20155 |
||